[Event "LAT-ch Women 2017"]
[Site "Riga"]
[Date "2017.10.07"]
[Round "3"]
[White "Vainovska, Valentina"]
[Black "Parhomenko, Margarita"]
[Result "1/2-1/2"]
[WhiteElo "1676"]
[BlackElo "1919"]
[Annotator "NA RC"]
[PlyCount "116"]
[EventDate "2017.??.??"]
[EventType "swiss"]
[EventCountry "LAT"]
[SourceTitle "playchess.com"]
[Source "ChessBase"]
[SourceQuality "1"]
[TimeControl "5400+30"]

{[%evp 8,84,39,27,32767,12,30,32767,27,27,32,26,27,21,32767,27,35,29,55,50,41,38,46,-11,0,32767,32767,32767,32767,-82,32767,-75,32767,-77,32767,-61,-84,-91,-94,-89,32767,32767,32767,32767,32767,32767,-73,-77,32767,-90,-86,-106,-84,-97,-71,-67,-73,-67,32767,-300,-314,-1414,-1946,-29977,-220,-198,-243,-289,-296,-363,-446,-405,-392,-489,-482,-417,-719,-687,-24]} 1. d4 {[%emt 0:00:00]} f5 {[%emt 0:00:04]} 2. c4 {[%emt 0:04:35]} e6 {[%emt 0:00:22]} 3. Nc3 {[%emt 0:00:26]} Nf6 {[%emt 0:00:15]} 4. g3 {[%emt 0:03:18]} c6 {[%emt 0:01:18]} 5. Bg2 {[%emt 0:03:17]} d5 {[%emt 0:00:14]} 6. cxd5 {[%emt 0:06:29]} exd5 {[%emt 0:01:00] LiveBook: 16 Games} 7. Nf3 {[%emt 0:04:48]} Bd6 {[%emt 0:01:15]} 8. Bf4 {[%emt 0:05:17] A90: Dutch Defence: Miscellaneous and Modern Stonewall (with ...Bd6)} (8. O-O O-O 9. e3 Ne4 10. Ne2 Qe7 11. Nf4 b6 12. Nd3 Ba6 13. b3 Nd7 14. Bb2 Rac8 15. Re1 Rf6 16. Rc1 Rh6 17. Re2 {½-½ (65) Lodhi,M (2358)-Smerdon,D (2507) Istanbul 2012}) 8... Bxf4 {[%emt 0:03:35]} 9. gxf4 {[%emt 0:00:22]} Ne4 {[%emt 0:03:00]} 10. Qc2 {[%emt 0:10:51]} Nd7 {[%emt 0:05:49]} 11. e3 {[%emt 0:03:07]} Ndf6 {[%emt 0:02:46]} 12. Ne5 {[%emt 0:01:27]} Nxc3 $146 {[%emt 0:04:32]} ({Predecessor:} 12... Qa5 13. O-O Nxc3 14. bxc3 O-O 15. c4 Be6 {½-½ (29) Hajek,J (2029)-Hybl,V (1813) Chrudim 2003}) 13. bxc3 {[%emt 0:01:52]} Ng4 {[%emt 0:00:49]} 14. h3 {[%emt 0:05:14]} Nxe5 {[%emt 0:00:54]} 15. fxe5 {[%emt 0:03:04]} (15. dxe5 $14 Be6 16. Rb1) 15... f4 {[%emt 0:03:19]} 16. exf4 {[%emt 0:06:01]} O-O {[%emt 0:00:35]} 17. Qd2 {[%emt 0:03:24]} Qh4 {[%emt 0:02:11]} 18. Qe3 {[%emt 0:01:10]} Be6 {[%emt 0:01:34]} 19. Rb1 {[%emt 0:01:38]} b6 {[%emt 0:01:26]} 20. Qg3 {[%emt 0:02:23]} Qxf4 {[%emt 0:01:02]} 21. Qxf4 {[%emt 0:03:19]} Rxf4 {[%emt 0:00:13]} 22. Rb2 {[%emt 0:01:32]} Raf8 {[%emt 0:00:45]} 23. O-O {[%emt 0:06:40]} g5 {[%emt 0:07:09]} 24. Re1 {[%emt 0:03:45]} h5 {[%emt 0:01:07]} 25. Re3 {[%emt 0:01:04]} Kg7 {[%emt 0:02:08]} 26. a4 {[%emt 0:01:22]} Kg6 {[%emt 0:00:38]} 27. Bf1 {[%emt 0:01:49]} h4 {[%emt 0:06:20]} 28. Bd3+ {[%emt 0:00:36]} Kh6 {[%emt 0:00:50]} 29. a5 {[%emt 0:02:11]} b5 {[%emt 0:00:21]} 30. Kg2 {[%emt 0:01:49]} g4 {[%emt 0:01:33]} 31. hxg4 {[%emt 0:00:23]} Rxg4+ {[%emt 0:00:22]} 32. Kh2 {[%emt 0:03:00]} Kg5 {[%emt 0:05:06]} 33. f3 $2 {[%emt 0:05:09]} (33. Bf1 $15 Rgf4 34. Kg1) 33... Rg3 {[%emt 0:06:09]} 34. Be2 $2 {[%emt 0:01:56]} (34. Rg2 Kf4 35. Re1) 34... Kf4 {[%emt 0:00:26]} 35. Rd3 {[%emt 0:00:12]} Rfg8 $2 {[%emt 0:00:59]} (35... Rh3+ 36. Kg2 Rg8+ 37. Kf2 Rh2+ 38. Ke1 Rg1+ 39. Kd2 h3) 36. Bf1 {[%emt 0:00:42]} Bf5 {[%emt 0:04:28]} 37. Rdd2 {[%emt 0:00:58]} (37. Rd1 $142) 37... Rxf3 {[%emt 0:01:58]} 38. Rf2 {[%emt 0:00:58]} (38. Bg2 {is a better defense.} Rxc3 39. Rf2+ Kg5 40. Bf1) 38... Rgg3 {[%emt 0:00:50]} 39. Bg2 {[%emt 0:00:53]} Rxf2 {[%emt 0:01:06]} 40. Rxf2+ {[%emt 0:00:09]} Kg4 {[%emt 0:00:36]} 41. e6 {[%emt 0:01:04]} Bxe6 {[%emt 0:01:55]} 42. Rf6 {[%emt 0:00:41]} Re3 $11 {[%emt 0:01:55]} (42... Bf5 $19 43. Rxc6 Be4 44. Bxe4 dxe4) 43. Rxe6 {[%emt 0:00:45]} Rxe6 {[%emt 0:00:32]} 44. Bh3+ {[%emt 0:00:06]} Kf4 {[%emt 0:00:26]} 45. Bxe6 {[%emt 0:00:11]} Ke3 {[%emt 0:06:22]} 46. Bd7 {[%emt 0:00:15]} Kd3 {[%emt 0:01:04]} 47. Bxc6 {[%emt 0:00:09]} Kxc3 {[%emt 0:00:59]} 48. Bxb5 {[%emt 0:01:08]} Kxd4 {[%emt 0:00:26]} 49. Kh3 {[%emt 0:00:21]} Kc3 {[%emt 0:00:29]} 50. Be2 {[%emt 0:02:25]} d4 {[%emt 0:00:39]} 51. Kxh4 {[%emt 0:00:22]} d3 {[%emt 0:00:15]} 52. Bf3 {[%emt 0:00:47]} Kb4 {[%emt 0:01:23]} 53. a6 {[%emt 0:00:21]} Kb5 {[%emt 0:00:33]} 54. Kg3 {[%emt 0:00:13]} Kxa6 {[%emt 0:00:38]} 55. Kf2 {[%emt 0:00:18]} Kb5 {[%emt 0:00:48]} 56. Ke3 {[%emt 0:00:25]} Kc4 {[%emt 0:00:20]} 57. Kd2 {[%emt 0:00:29]} Kd4 {[%emt 0:00:25]} 58. Bc6 {[%emt 0:00:59]} Ke5 1/2-1/2

[Event "LAT-ch Women 2017"]
[Site "Riga"]
[Date "2017.10.07"]
[Round "3"]
[White "Osobskaja, Zinaida"]
[Black "Erneste, Inguna"]
[Result "1/2-1/2"]
[WhiteElo "1646"]
[BlackElo "2133"]
[Annotator "TA"]
[PlyCount "79"]
[EventDate "2017.??.??"]
[EventType "swiss"]
[EventCountry "LAT"]
[SourceTitle "playchess.com"]
[Source "ChessBase"]
[SourceQuality "1"]

{[%evp 14,79,73,42,52,47,52,50,67,57,58,58,58,35,47,53,52,52,57,48,111,112,129,122,131,82,77,53,75,56,68,80,94,85,141,133,200,200,210,210,267,255,299,267,335,338,314,310,299,302,305,294,296,304,285,127,130,0,0,0,0,0,0,0,0,0,0,0]} 1. e4 e5 2. Nf3 Nc6 3. Bc4 Bc5 4. c3 {[%cal Bc2c3,Bc3d4,Bd4d5][%mdl 32]} d6 5. d4 exd4 6. cxd4 Bb4+ 7. Nc3 Nf6 8. d5 Bxc3+ $1 {C53: Giuoco Piano sidelines} 9. bxc3 Ne7 10. Bd3 O-O {White is slightly better.} 11. h3 Ng6 $146 ({Predecessor:} 11... Re8 12. O-O Nd7 13. Bc2 Ng6 14. Bg5 f6 15. Bc1 Nc5 16. Re1 {1-0 (26) Shchekachev,A (2560)-Queva,C Bethune 1998}) 12. O-O $1 Nd7 13. Be3 Re8 14. Qd2 a6 15. c4 h6 16. Bd4 Nde5 ({Black should play} 16... c5 $14 17. dxc6 bxc6) 17. Nxe5 $16 dxe5 {[#]} 18. Be3 $1 Qf6 19. Rac1 Nf4 20. Bxf4 exf4 21. f3 Re5 22. Rf2 Qh4 23. Kf1 Bd7 ({Better is} 23... Qg3) 24. Qb2 Ree8 (24... Rae8 $16 {keeps fighting.}) 25. Qxb7 $18 Rec8 26. Qb2 c5 27. Rb1 Qd8 28. Qc3 f6 29. Rfb2 Rab8 30. Rb7 Rxb7 31. Rxb7 Rb8 32. Qb3 Rxb7 33. Qxb7 Qc8 34. Qxc8+ (34. Qb6 $18 {is more deadly.}) 34... Bxc8 {[%mdl 4096] Endgame KB-KB} 35. a4 (35. h4 $16) 35... a5 $1 $11 {The position is equal.} 36. Bc2 Kf7 37. g4 Ke7 38. Ke2 Kd6 39. Kd3 Ke5 40. Kc3 {Precision: White = 57%, Black = 51%.} 1/2-1/2

[Event "LAT-ch Women 2017"]
[Site "Riga"]
[Date "2017.10.07"]
[Round "3"]
[White "Zalcmane, Vija"]
[Black "Sarnovska, Eira"]
[Result "0-1"]
[WhiteElo "1533"]
[BlackElo "1727"]
[Annotator "NA RC"]
[PlyCount "96"]
[EventDate "2017.??.??"]
[EventType "swiss"]
[EventCountry "LAT"]
[SourceTitle "playchess.com"]
[Source "ChessBase"]
[SourceQuality "1"]
[TimeControl "5400+30"]

1. c4 {[%emt 0:00:39]} e5 {[%emt 0:00:12]} 2. Nc3 {[%emt 0:00:13]} Nf6 {[%emt 0:00:22]} 3. g3 {[%emt 0:00:21]} Bb4 {[%emt 0:00:51]} 4. Bg2 {[%emt 0:00:33]} d6 {[%emt 0:01:00]} 5. Nf3 {[%emt 0:00:36]} O-O {[%emt 0:00:43]} 6. O-O {[%emt 0:00:12]} Nc6 {[%emt 0:01:06]} 7. a3 {[%emt 0:01:50]} Bxc3 {[%emt 0:00:54]} 8. bxc3 {[%emt 0:00:46]} Be6 {[%emt 0:00:46]} 9. d3 {[%emt 0:01:09]} h6 {[%emt 0:00:24]} 10. h3 {[%emt 0:00:17]} Nh7 {[%emt 0:04:51]} 11. Rb1 {[%emt 0:02:23]} Rb8 {[%emt 0:00:28]} 12. e3 {[%emt 0:04:00]} f5 {[%emt 0:03:49]} 13. Nh2 {[%emt 0:04:40]} Qd7 {[%emt 0:16:36]} 14. f4 {[%emt 0:05:05]} Nf6 {[%emt 0:02:03]} 15. Nf3 {[%emt 0:01:58]} Qf7 {[%emt 0:09:16]} 16. fxe5 {[%emt 0:06:25]} dxe5 {[%emt 0:00:28]} 17. Nh4 {[%emt 0:01:40]} Rfd8 {[%emt 0:13:11]} 18. Qe2 {[%emt 0:15:51]} e4 {[%emt 0:03:23]} 19. Qf2 {[%emt 0:04:12]} exd3 {[%emt 0:04:19]} 20. Nxf5 {[%emt 0:02:30]} Bxf5 {[%emt 0:05:04]} 21. Qxf5 {[%emt 0:00:52]} d2 {[%emt 0:01:08]} 22. Bxd2 {[%emt 0:01:31]} Rxd2 {[%emt 0:00:57]} 23. Bxc6 {[%emt 0:00:24]} Qxc4 {[%emt 0:02:21]} 24. Bxb7 {[%emt 0:11:55]} Rbd8 {[%emt 0:00:51]} 25. Rbe1 {[%emt 0:04:42]} Qxc3 {[%emt 0:03:25]} 26. Qg6 {[%emt 0:02:19]} Rb2 {[%emt 0:03:07]} 27. Ba6 {[%emt 0:08:26]} Rdd2 {[%emt 0:03:27]} 28. Rxf6 {[%emt 0:07:24]} Rg2+ {[%emt 0:02:18]} 29. Kf1 {[%emt 0:00:48]} Qxf6+ {[%emt 0:00:41]} 30. Qxf6 {[%emt 0:00:18]} gxf6 {[%emt 0:00:07]} 31. Rc1 {[%emt 0:04:25]} Rh2 {[%emt 0:01:30]} 32. Bc4+ {[%emt 0:04:18]} Kf8 {[%emt 0:00:58]} 33. Bd5 {[%emt 0:00:06]} Rbd2 {[%emt 0:02:21]} 34. Bb7 {[%emt 0:02:02]} Ra2 {[%emt 0:01:05]} 35. Kg1 {[%emt 0:00:30]} Rhb2 {[%emt 0:00:58]} 36. Be4 {[%emt 0:01:40]} Rxa3 {[%emt 0:00:10]} 37. g4 {[%emt 0:00:41]} Rxe3 {[%emt 0:00:11]} 38. Bf5 {[%emt 0:00:23]} Rg3+ {[%emt 0:01:24]} 39. Kf1 {[%emt 0:00:21]} Rxh3 {[%emt 0:00:19]} 40. Kg1 {[%emt 0:00:29]} Ra3 {[%emt 0:01:05]} 41. Kh1 {[%emt 0:00:56]} a5 {[%emt 0:00:19]} 42. Kg1 {[%emt 0:00:34]} a4 {[%emt 0:00:04]} 43. Bd7 {[%emt 0:00:11]} c5 {[%emt 0:00:32]} 44. Kf1 {[%emt 0:00:16]} c4 {[%emt 0:00:22]} 45. Ke1 {[%emt 0:00:15]} c3 {[%emt 0:00:56]} 46. Bf5 {[%emt 0:00:07]} Rh2 {[%emt 0:03:36]} 47. Be4 {[%emt 0:00:28]} Raa2 {[%emt 0:00:28]} 48. Kd1 {[%emt 0:01:39]} Rad2+ {[%emt 0:00:49]} 0-1

[Event "LAT-ch Women 2017"]
[Site "Riga"]
[Date "2017.10.08"]
[Round "4"]
[White "Limanovska, Elizabete"]
[Black "Vainovska, Valentina"]
[Result "1-0"]
[WhiteElo "1972"]
[BlackElo "1676"]
[Annotator "NA RC"]
[PlyCount "71"]
[EventDate "2017.??.??"]
[EventType "swiss"]
[EventCountry "LAT"]
[SourceTitle "playchess.com"]
[Source "ChessBase"]
[SourceQuality "1"]
[TimeControl "5400+30"]

{[%evp 16,61,46,41,50,51,43,46,44,34,45,25,36,34,33,23,29,0,3,0,0,-19,-22,-20,43,39,16,28,52,79,64,35,106,93,273,129,366,377,461,464,632,607,696,764,961,965,29987,29988]} 1. e4 {[%emt 0:00:00]} c5 {[%emt 0:00:18]} 2. Nf3 {[%emt 0:00:00]} Nc6 {[%emt 0:00:06]} 3. d4 {[%emt 0:00:00]} cxd4 {[%emt 0:00:07]} 4. Nxd4 {[%emt 0:00:01]} g6 {[%emt 0:00:27]} 5. c4 {[%emt 0:01:24]} Bg7 {[%emt 0:01:02]} 6. Be3 {[%emt 0:00:23]} Nf6 {[%emt 0:01:31]} 7. Nc3 {[%emt 0:00:16]} d6 {[%emt 0:01:22]} 8. Be2 {[%emt 0:01:32]} O-O {[%emt 0:01:11]} 9. O-O {[%emt 0:01:22]} Bd7 {[%emt 0:01:56]} 10. Rc1 {[%emt 0:07:36]} Nxd4 {[%emt 0:07:05]} 11. Bxd4 {[%emt 0:00:23]} Bc6 {[%emt 0:00:26]} 12. Qd3 {[%emt 0:04:34]} a5 {[%emt 0:07:29]} 13. f4 {[%emt 0:09:07]} Nd7 {[%emt 0:11:36] B38: Sicilian: Maroczy Bind with 5...Bg7 and 7...0-0} 14. Bxg7 {[%emt 0:05:01]} Kxg7 {[%emt 0:00:06] LiveBook: 4 Games} 15. Kh1 {[%emt 0:00:34]} Nc5 {[%emt 0:07:21]} (15... Qb6 16. Qd2 Rad8 17. b3 Nf6 18. Bf3 Rfe8 19. Nd5 Bxd5 20. cxd5 e5 {0-1 (38) Djuric,S (2459)-Ni,H (2638) Dubai 2005}) 16. Qd4+ {[%emt 0:03:04]} f6 {[%emt 0:04:11]} 17. e5 $146 {[%emt 0:11:39]} ({Predecessor:} 17. Rcd1 Qb8 18. Nd5 e6 19. Nc3 e5 20. fxe5 fxe5 21. Rxf8 Kxf8 {1-0 (97) Garcia Padron,J (2385)-Bellon Lopez,J (2370) Santa Catalina 1987}) 17... Ne6 {[%emt 0:07:36]} 18. Qe3 {[%emt 0:00:38]} dxe5 $1 {[%emt 0:01:54]} 19. fxe5 {[%emt 0:03:58]} f5 {[%emt 0:02:52]} (19... Qd4 $11 20. exf6+ Rxf6 21. Qxd4 Nxd4) 20. Rcd1 {[%emt 0:04:59]} f4 {[%emt 0:04:53]} 21. Qf2 {[%emt 0:08:42]} Qe8 {[%emt 0:07:38]} 22. Nd5 {[%emt 0:02:29]} h5 {[%emt 0:08:53]} 23. Qh4 {[%emt 0:03:28]} Rf5 {[%emt 0:05:24]} (23... Rd8 $11 {remains equal.}) 24. Bd3 {[%emt 0:07:15]} ({Not} 24. Nxf4 $2 Nxf4 25. Rxf4 g5 $19) ({Much weaker is} 24. Nxe7 $6 Bxg2+ 25. Kxg2 Rg5+ 26. Kh1 Qxe7 $11) 24... g5 $2 {[%emt 0:05:42] [#]} (24... Rg5 $14) 25. Qe1 {[%emt 0:00:19]} (25. Qh3 $1 $18 {[%cal Rh3f5] is the precise move to win.} Rxe5 26. Bc2) 25... Rf7 $2 {[%emt 0:00:43]} (25... Rf8 26. h4 (26. Qe4 Rh8 $16) 26... Qf7) 26. Qe4 {[%emt 0:00:57]} Kf8 {[%emt 0:07:03]} 27. Qg6 {[%emt 0:02:02]} Bxd5 {[%emt 0:02:59]} 28. cxd5 {[%emt 0:01:17]} Nc5 {[%emt 0:01:50]} 29. Qxg5 {[%emt 0:02:11]} Nxd3 {[%emt 0:00:34]} 30. Rxd3 {[%emt 0:00:06]} Rc8 {[%emt 0:00:26]} 31. Qxh5 {[%emt 0:00:44]} Rg7 {[%emt 0:00:38]} 32. Qh8+ {[%emt 0:00:44]} Rg8 {[%emt 0:00:36]} 33. Rxf4+ {[%emt 0:00:29]} Qf7 {[%emt 0:00:08]} 34. Rxf7+ {[%emt 0:00:04]} Kxf7 {[%emt 0:00:06]} 35. Qh5+ {[%emt 0:00:06]} Rg6 {[%emt 0:00:14]} 36. Qf5+ {[%emt 0:00:17] Ra8} 1-0

[Event "LAT-ch Women 2017"]
[Site "Riga"]
[Date "2017.10.08"]
[Round "4"]
[White "Ungure, Liga"]
[Black "Berzina, Ilze"]
[Result "1/2-1/2"]
[WhiteElo "1923"]
[BlackElo "2245"]
[Annotator "TA"]
[PlyCount "22"]
[EventDate "2017.??.??"]
[EventType "swiss"]
[EventCountry "LAT"]
[SourceTitle "playchess.com"]
[Source "ChessBase"]
[SourceQuality "1"]

{[%evp 10,22,5,0,16,14,25,10,0,26,37,9,43,43,60]} 1. e4 c6 2. c4 d5 3. cxd5 cxd5 4. exd5 Nf6 5. Nc3 Nxd5 6. Nf3 a6 {B10: Caro-Kann: 2 d3 and 2 c4} (6... e6 7. d4 Bb4 8. Bd2 Nc6 9. Bd3 Nf6 10. Be3 O-O 11. O-O Bxc3 12. bxc3 b6 13. Bg5 Bb7 14. Re1 Rc8 15. Rc1 Ne7 16. Ne5 Ng6 17. Bxg6 hxg6 {0-1 (38) Lagarde,M (2598)-Fridman,D (2625) Paris 2017}) 7. Bc4 e6 8. d4 Nxc3 9. bxc3 Bd6 10. O-O O-O 11. Qe2 $146 ({Predecessor:} 11. Qd3 b5 12. Bb3 Bb7 13. Ng5 g6 14. Qh3 h5 15. g4 Be7 16. Qh4 Bxg5 17. Bxg5 {1-0 (26) Gaudineau,G-Auplat,O France 1999}) 11... h6 1/2-1/2

[Event "LAT-ch Women 2017"]
[Site "Riga"]
[Date "2017.10.08"]
[Round "4"]
[White "Parhomenko, Margarita"]
[Black "Lazdina, Ingrida"]
[Result "1/2-1/2"]
[WhiteElo "1919"]
[BlackElo "1937"]
[Annotator "NA"]
[PlyCount "34"]
[EventDate "2017.??.??"]
[EventType "swiss"]
[EventCountry "LAT"]
[SourceTitle "playchess.com"]
[Source "ChessBase"]
[SourceQuality "1"]
[TimeControl "5400+30"]

{[%evp 13,34,0,14,0,20,24,34,6,-1,-7,0,0,3,0,10,0,0,-3,-5,0,0,0,2]} 1. d4 {[%emt 0:00:44]} d5 {[%emt 0:00:04]} 2. Nf3 {[%emt 0:00:09]} Nf6 {[%emt 0:00:05]} 3. e3 {[%emt 0:00:39]} e6 {[%emt 0:00:06]} 4. Bd3 {[%emt 0:00:19]} Be7 {[%emt 0:00:09]} 5. O-O {[%emt 0:00:27]} O-O {[%emt 0:00:08]} 6. Nbd2 {[%emt 0:00:31]} c5 {[%emt 0:00:34]} 7. c4 {[%emt 0:17:03]} Nc6 {[%emt 0:04:46]} 8. dxc5 {[%emt 0:09:29]} Bxc5 {[%emt 0:10:55]} 9. a3 {[%emt 0:00:53] LiveBook: 7 Games D30: Queen's Gambit Declined: Systems without Nc3} dxc4 {[%emt 0:02:36]} 10. Nxc4 {[%emt 0:08:54]} b5 {[%emt 0:22:46]} 11. Nce5 {[%emt 0:00:32]} Nxe5 {[%emt 0:07:34]} 12. Nxe5 {[%emt 0:00:12]} Qd5 {[%emt 0:00:12]} 13. Qf3 $146 {[%emt 0:09:49]} ({Predecessor:} 13. Nf3 Rd8 14. Be2 Qxd1 15. Rxd1 Rxd1+ 16. Bxd1 Bb7 17. b4 Be7 18. Bb2 Rc8 19. Nd4 a6 20. Rc1 {½-½ (20) Donchenko,A (2428)-Gyimesi,Z (2518) Tanta 2000}) 13... Qxf3 {[%emt 0:08:09]} 14. Nxf3 {[%emt 0:00:38]} a6 {[%emt 0:01:25]} 15. Bd2 {[%emt 0:18:18]} Bb7 {[%emt 0:00:30]} 16. Be2 {[%emt 0:00:48]} Rac8 {[%emt 0:04:46]} 17. Ba5 {[%emt 0:10:21]} Nd5 $11 {[%emt 0:05:19]} 1/2-1/2

[Event "LAT-ch Women 2017"]
[Site "Riga"]
[Date "2017.10.08"]
[Round "4"]
[White "Maklakova, Nellija"]
[Black "Krumina, Linda"]
[Result "0-1"]
[WhiteElo "1800"]
[BlackElo "2096"]
[Annotator "NA RC"]
[PlyCount "92"]
[EventDate "2017.??.??"]
[EventType "swiss"]
[EventCountry "LAT"]
[SourceTitle "playchess.com"]
[Source "ChessBase"]
[SourceQuality "1"]
[TimeControl "5400+30"]

{[%evp 8,92,42,13,17,0,24,25,14,25,16,0,4,29,26,6,-4,-28,-47,-48,-26,-67,-18,-8,-33,-37,-28,-28,-23,-21,-22,-42,-37,-47,-53,-58,-56,-140,-66,-141,-73,-87,-67,-109,-96,-87,-81,-89,-103,-125,-70,-101,-103,-350,-339,-351,32767,32767,-313,-524,-584,-778,-901,-787,-931,-973,-1045,-2324,32767,32767,-1091,32767,-855,32767,-1520,-897,-611,-609,-742,-717,-803,-1058,-1458,-29987,-29990,-29997,-29998]} 1. c4 {[%emt 0:00:00]} c5 {[%emt 0:02:15]} 2. g3 {[%emt 0:00:00]} Nc6 {[%emt 0:00:08]} 3. Bg2 {[%emt 0:00:00]} d6 {[%emt 0:00:10]} 4. Nf3 {[%emt 0:00:32]} g6 {[%emt 0:01:02]} 5. Nc3 {[%emt 0:01:02]} Bg7 {[%emt 0:00:32]} 6. O-O {[%emt 0:00:42]} Nf6 {[%emt 0:04:43]} 7. d4 {[%emt 0:04:32]} cxd4 {[%emt 0:01:24]} 8. Nxd4 {[%emt 0:00:15]} Bd7 {[%emt 0:00:39]} 9. e3 {[%emt 0:06:23] A31: Symmetrical English: 2 Nf3 Nf6 3 d4} h5 {[%emt 0:03:32]} 10. h4 {[%emt 0:01:55] LiveBook: 3 Games} Qc8 {[%emt 0:02:27]} 11. Nxc6 $146 {[%emt 0:05:55]} ({Predecessor:} 11. Re1 O-O 12. b3 Bg4 13. Qd2 Ne5 14. Bb2 Re8 15. Rac1 Bh3 16. Bh1 Nfd7 {0-1 (65) Kjartansson,G (2430)-L'Ami,E (2622) Reykjavik 2013}) 11... bxc6 {[%emt 0:07:33]} 12. Re1 {[%emt 0:07:46]} Ng4 {[%emt 0:02:46]} 13. c5 {[%emt 0:15:41]} d5 {[%emt 0:12:21]} 14. Ne2 {[%emt 0:05:50]} e5 {[%emt 0:09:12]} (14... O-O $17) 15. e4 {[%emt 0:03:52]} d4 {[%emt 0:01:12]} 16. Bg5 {[%emt 0:04:49]} f6 {[%emt 0:02:31]} 17. Bd2 {[%emt 0:00:24]} Be6 {[%emt 0:02:17]} 18. f3 {[%emt 0:01:31]} Nh6 {[%emt 0:01:03]} 19. Qa4 {[%emt 0:02:44]} O-O {[%emt 0:02:59]} 20. Kh2 {[%emt 0:04:49]} Qd7 {[%emt 0:02:42]} 21. Rad1 {[%emt 0:01:23]} Rab8 {[%emt 0:01:41]} 22. Bc1 {[%emt 0:00:23]} (22. b3 $15) 22... Rb7 {[%emt 0:07:49]} 23. Bf1 {[%emt 0:01:26] [#]} ({White should try} 23. b3) 23... Rfb8 {[%emt 0:02:04]} (23... g5 $142 $1 {[%mdl 512]} 24. Bg2 (24. hxg5 fxg5) 24... Nf7) 24. Ng1 {[%emt 0:06:11]} Nf7 {[%emt 0:03:38]} 25. Qa5 {[%emt 0:05:46]} Qe7 {[%emt 0:10:04]} 26. Ba6 {[%emt 0:01:45]} Rd7 {[%emt 0:00:27]} 27. b3 {[%emt 0:01:06]} Bf8 {[%emt 0:00:32]} 28. Ba3 {[%emt 0:01:14]} f5 {[%emt 0:01:28]} 29. exf5 {[%emt 0:00:53]} gxf5 {[%emt 0:00:13]} 30. Qa4 $2 {[%emt 0:00:32]} (30. Nh3 $17) 30... f4 {[%emt 0:02:13]} 31. Qxc6 {[%emt 0:00:52]} fxg3+ {[%emt 0:02:09]} 32. Kxg3 {[%emt 0:00:24]} Bh6 {[%emt 0:05:27]} 33. Bc1 {[%emt 0:03:22]} Kh8 {[%emt 0:01:41]} 34. Qe4 {[%emt 0:04:08]} Rg8+ {[%emt 0:00:37]} 35. Kf2 {[%emt 0:00:21]} Bd5 {[%emt 0:00:39]} 36. Qf5 {[%emt 0:00:52]} Qxh4+ {[%emt 0:00:37]} 37. Ke2 {[%emt 0:00:20]} Rg2+ {[%emt 0:02:29]} 38. Kd3 {[%emt 0:00:15] [#]} e4+ $1 {[%emt 0:02:20]} 39. fxe4 {[%emt 0:01:10]} Qg3+ {[%emt 0:01:11]} 40. Be3 {[%emt 0:01:33]} Bxe3 $19 {[%emt 0:00:15]} (40... Ne5+ $142 41. Qxe5+ Qxe5 42. Bf4 Qxf4 43. exd5 Qg3+ 44. Nf3 Qxf3+ 45. Kc4 Qxd5+ 46. Kb5 Rc7 47. Re8+ Kh7 48. Re7+ Rxe7 49. Rf1 Rxa2 50. Bc8 {[#]} a6+ $1 {[%mdl 512]} 51. Kb6 Qd8+ 52. Kc6 Rc7+ 53. Kb6 Rxc8+ 54. Kb7 Qc7#) 41. Ne2 {[%emt 0:01:02] [#]} Ne5+ {[%emt 0:00:45]} (41... Rxe2 $142 $1 42. Rxe2 {[#]} (42. Kxe2 Be6) 42... Bxb3 $1 {[%mdl 512]} 43. Qf6+ Kh7) 42. Kc2 {[%emt 0:00:14] [#]} d3+ $1 {[%emt 0:00:30]} 43. Bxd3 {[%emt 0:00:14]} Nxd3 {[%emt 0:00:19]} 44. Qxh5+ {[%emt 0:01:10]} Kg7 {[%emt 0:00:11]} 45. Rxd3 {[%emt 0:00:22]} Bxe4 {[%emt 0:00:16]} 46. Kc3 {[%emt 0:01:09]} Qxe1+ {[%emt 0:00:15]} 0-1

[Event "LAT-ch Women 2017"]
[Site "Riga"]
[Date "2017.10.08"]
[Round "4"]
[White "Sarnovska, Eira"]
[Black "Erneste, Inguna"]
[Result "1-0"]
[WhiteElo "1727"]
[BlackElo "2133"]
[Annotator "RC"]
[PlyCount "76"]
[EventDate "2017.??.??"]
[EventType "swiss"]
[EventCountry "LAT"]
[SourceTitle "playchess.com"]
[Source "ChessBase"]
[SourceQuality "1"]
[TimeControl "5400+30"]

1. Nf3 {[%emt 0:00:00]} d5 {[%emt 0:00:09]} 2. c4 {[%emt 0:00:00]} e6 {[%emt 0:00:25]} 3. g3 {[%emt 0:01:58]} Nf6 {[%emt 0:02:17]} 4. Bg2 {[%emt 0:00:11]} Be7 {[%emt 0:00:48]} 5. O-O {[%emt 0:00:42]} O-O {[%emt 0:00:22]} 6. d3 {[%emt 0:01:12]} c5 {[%emt 0:07:30]} 7. Bd2 {[%emt 0:03:34]} Nc6 {[%emt 0:03:26]} 8. Re1 {[%emt 0:06:34]} d4 {[%emt 0:05:12]} 9. a3 {[%emt 0:06:10]} a5 {[%emt 0:03:37]} 10. a4 {[%emt 0:01:56]} e5 {[%emt 0:03:41]} 11. e4 {[%emt 0:03:14]} dxe3 {[%emt 0:02:08]} 12. Bxe3 {[%emt 0:00:11]} Bf5 {[%emt 0:04:46]} 13. Ra3 {[%emt 0:02:48]} Qd7 {[%emt 0:06:09]} 14. Bc1 {[%emt 0:10:40]} Qc7 {[%emt 0:14:03]} 15. Nc3 {[%emt 0:02:45]} Rad8 {[%emt 0:03:18]} 16. Nb5 {[%emt 0:01:04]} Qb8 {[%emt 0:00:27]} 17. Qe2 {[%emt 0:03:59]} Nd7 {[%emt 0:02:40]} 18. Rb3 {[%emt 0:07:57]} Bf6 {[%emt 0:06:00]} 19. Nd2 {[%emt 0:05:58]} Nb4 {[%emt 0:03:27]} 20. Qf3 {[%emt 0:05:06]} Bg6 {[%emt 0:01:42]} 21. Ne4 {[%emt 0:01:21]} Be7 {[%emt 0:07:21]} 22. h4 {[%emt 0:16:28]} h6 {[%emt 0:03:25]} 23. Qg4 {[%emt 0:05:57]} Kh8 {[%emt 0:00:44]} 24. Be3 {[%emt 0:03:01]} b6 {[%emt 0:00:41]} 25. f4 {[%emt 0:04:30]} exf4 {[%emt 0:00:54]} 26. Bxf4 {[%emt 0:00:17]} Ne5 {[%emt 0:00:32]} 27. Qe2 {[%emt 0:00:42]} f6 {[%emt 0:00:28]} 28. Rd1 {[%emt 0:01:11]} Rfe8 {[%emt 0:01:23]} 29. d4 {[%emt 0:00:36]} cxd4 {[%emt 0:00:19]} 30. Rxd4 {[%emt 0:00:08]} Rxd4 {[%emt 0:00:53]} 31. Nxd4 {[%emt 0:00:04]} Qc8 {[%emt 0:00:19]} 32. Rc3 {[%emt 0:00:50]} Bc5 {[%emt 0:00:38]} 33. Nxc5 {[%emt 0:01:48]} Qxc5 {[%emt 0:03:05]} 34. Be3 {[%emt 0:00:59]} Ned3 {[%emt 0:00:37]} 35. Qg4 {[%emt 0:02:47]} Rxe3 {[%emt 0:01:22]} 36. Qxg6 {[%emt 0:00:45]} Qxd4 {[%emt 0:00:13]} 37. Kh2 {[%emt 0:00:25]} Re2 {[%emt 0:02:38]} 38. h5 {[%emt 0:00:40]} Qf2 {[%emt 0:00:54]} 1-0